| 000 | 01552cam a2200169 a 4500 | ||
|---|---|---|---|
| 020 | _a030903356X | ||
| 082 | 0 | 0 |
_a625.80287 _bNAT |
| 245 | 0 | 0 |
_aStrength and deformation characteristics of pavements / _cTransportation Research Board, National Research Council. |
| 260 |
_aWashington, D.C. : _bNational Academy of Sciences, _c1982. |
||
| 300 |
_aiv, 68 p. : _bill. ; _c28 cm. |
||
| 500 | _aReports presented at an annual meeting of the Transportation Research Board. | ||
| 505 | 0 | _aOrdway Colorado experimental base project / James F. Shook and Bernard F. Kallas -- Use of deflection measurements for determining pavement material properties / B. Frank McCollough and Arthur Taute. -- Marterial layer coefficiants for unbound granular materials from resilient modulus / Gonzalo Rada and Matthew W. Witczak -- Moduli of pavement systems from special analysis of surface waves / J.S. Heisey, K.H. Stokoe II, and A.H. Meyer -- Comparative study of selected nondestructive testing devices / Mario S. Hoffman and Marshall R. Thompson -- Backcalculating nonlinear resilient moduli from deflection data / Mario F. Hoffman and Marshall R. Thompson -- Effective moduli and stress dependence of pavement materials as measured in some heavy-vehicle simulator tests / J.H. Maree ... [et al.] -- Sulphlex pavement performance evaluations from laboratory tests / James A. Sherwood and William J. Kenis. | |
| 526 |
_a0 _b0 _c0 _d625_802870000000000_NAT |
||
| 650 | 0 |
_aPavements _xTesting. _921218 |
|
| 710 | 2 |
_aNational Research Council (U.S.). _920017 |
|
| 942 |
_2ddc _cBK |
||
| 999 |
_c547710 _d547710 |
||